000 00704nam a2200289Ia 4500
005 20260324120254.0
008 008 260324s9999 xx 000 0 eng d
020 _a9781315695426
037 _aEBOOK
040 _aCRL
040 _beng
040 _cCRL
041 _2eng
041 _aeng
084 _qCRL
100 _aPat Guy
_91157907
245 0 _aTransforming Reading Skills in the Secondary School
245 0 _bSimple strategies for improving literacy
260 _bTaylor and Francis
260 _c2015
365 _a
365 _b230
856 _uhttp://www.taylorfrancis.com/books/9781315695426
942 _cEBOOK
999 _c1749359
_d1749359